|
|
|
|
| LEADER |
00000cas a2200000 c 4500 |
| 001 |
17074521X |
| 003 |
DE-627 |
| 005 |
20230409190439.0 |
| 007 |
tu |
| 008 |
941106c19919999xxuz| p| 0 |0und c |
| 016 |
7 |
|
|a 016302125
|2 DE-101
|
| 016 |
7 |
|
|a 1099984-X
|2 DE-600
|
| 022 |
|
|
|a 1057-5677
|
| 024 |
7 |
|
|a 05753686
|2 swets
|
| 035 |
|
|
|a (DE-627)17074521X
|
| 035 |
|
|
|a (DE-576)028046633
|
| 035 |
|
|
|a (DE-599)ZDB1099984-X
|
| 035 |
|
|
|a (OCoLC)231359126
|
| 040 |
|
|
|a DE-627
|b ger
|c DE-627
|e rakwb
|
| 044 |
|
|
|c XD-US
|
| 082 |
0 |
4 |
|a 340
|q DE-600
|
| 084 |
|
|
|a 2,1
|2 ssgn
|
| 084 |
|
|
|a KRIM
|q DE-21
|2 fid
|
| 084 |
|
|
|a 86.33
|2 bkl
|
| 245 |
0 |
0 |
|a International criminal justice review
|c Georgia State University
|
| 264 |
3 |
1 |
|a Thousand Oaks, Calif.
|b Sage
|c 1991-
|
| 264 |
2 |
1 |
|a Atlanta, Ga.
|b College
|c -2004
|
| 336 |
|
|
|a Text
|b txt
|2 rdacontent
|
| 337 |
|
|
|a ohne Hilfsmittel zu benutzen
|b n
|2 rdamedia
|
| 338 |
|
|
|a Band
|b nc
|2 rdacarrier
|
| 362 |
0 |
|
|a 1.1991 -
|
| 363 |
0 |
1 |
|a 1
|i 1991
|
| 500 |
|
|
|a Beteil. Körp. 1.1991 - 6.1996: College of Public and Urban Affairs, Georgia State University; 7.1997 - 14.2004: College of Health and Human Sciences, Georgia State University
|
| 655 |
|
7 |
|a Zeitschrift
|0 (DE-588)4067488-5
|0 (DE-627)10454466X
|0 (DE-576)20917000X
|2 gnd-content
|
| 689 |
0 |
0 |
|d s
|0 (DE-588)4162101-3
|0 (DE-627)105465046
|0 (DE-576)209871008
|a Internationales Strafrecht
|2 gnd
|
| 689 |
0 |
1 |
|d s
|0 (DE-588)4067488-5
|0 (DE-627)10454466X
|0 (DE-576)20917000X
|a Zeitschrift
|2 gnd
|
| 689 |
0 |
|
|5 DE-101
|
| 689 |
1 |
0 |
|d s
|0 (DE-588)4057795-8
|0 (DE-627)106149458
|0 (DE-576)209123737
|a Strafrecht
|2 gnd
|
| 689 |
1 |
1 |
|d s
|0 (DE-588)4067488-5
|0 (DE-627)10454466X
|0 (DE-576)20917000X
|a Zeitschrift
|2 gnd
|
| 689 |
1 |
|
|5 DE-101
|
| 776 |
1 |
|
|x 1556-3855
|
| 776 |
0 |
8 |
|i Erscheint auch als
|n Online-Ausg.
|t International criminal justice review
|d Thousand Oaks, Calif : Sage, 1991
|h Online-Ressource
|w (DE-627)48672476X
|w (DE-600)2187661-7
|w (DE-576)266542581
|x 1556-3855
|k Electronic
|
| 936 |
b |
k |
|a 86.33
|j Strafrecht: Allgemeines
|0 (DE-627)106422413
|
| 951 |
|
|
|a JT
|
| ELC |
|
|
|b 1
|
| LOK |
|
|
|0 000 xxxxxcy a22 3n 4500
|
| LOK |
|
|
|0 001 2183668199
|
| LOK |
|
|
|0 003 DE-627
|
| LOK |
|
|
|0 004 17074521X
|
| LOK |
|
|
|0 005 20160208092808
|
| LOK |
|
|
|0 008 920501||||||||||||||||ger|||||||
|
| LOK |
|
|
|0 035
|a (DE-600)045073414
|
| LOK |
|
|
|0 040
|a DE-21
|c DE-627
|d DE-21
|
| LOK |
|
|
|0 092
|o l
|
| LOK |
|
|
|0 852
|8 1
|
| LOK |
|
|
|0 852
|a DE-21
|
| LOK |
|
|
|0 852 1
|c ZA 8385
|9 00
|
| LOK |
|
|
|0 85900
|8 1.1
|a 1
|i 1991
|
| LOK |
|
|
|0 85910
|8 1.2
|a 24
|i 2014
|
| LOK |
|
|
|0 86630
|a 1.1991 - 24.2014
|
| LOK |
|
|
|0 866 0
|z ZLS-WZ
|
| LOK |
|
|
|0 939
|a 22-12-99
|b z01
|
| LOK |
|
|
|0 000 xxxxxcy a22 3n 4500
|
| LOK |
|
|
|0 001 2183668180
|
| LOK |
|
|
|0 003 DE-627
|
| LOK |
|
|
|0 004 17074521X
|
| LOK |
|
|
|0 005 20031120000000
|
| LOK |
|
|
|0 008 941020||||||||||||||||ger|||||||
|
| LOK |
|
|
|0 035
|a (DE-600)045073422
|
| LOK |
|
|
|0 040
|a DE-Frei85
|c DE-627
|d DE-Frei85
|
| LOK |
|
|
|0 852
|8 1
|
| LOK |
|
|
|0 852
|a DE-Frei85
|
| LOK |
|
|
|0 852 1
|9 00
|
| LOK |
|
|
|0 85901
|8 1.1
|a 1
|i 1991
|
| LOK |
|
|
|0 86630
|a 1.1991 -
|
| LOK |
|
|
|0 939
|a 20-10-94
|b z01
|
| ORI |
|
|
|a SA-MARC-krimdoka001.raw
|
| SPR |
|
|
|a 1
|t KRI
|